=LDR 00000nam 2200000 4500 =001 INLIS000000000008098 =005 20170210163255.0 =006 =007 =008 ind =035 ##$$0010-061300000008098 =041 ##$$a ind =082 ##$$a 635 =090 ##$$a 635, Sug b =100 ##$$a Sugeng, HR =245 ##$$a Bercocok tanam sayuran, Sugeng HR =260 ##$$a 1985 $b Semarang =300 ##$$a 104 hlm, ilus, 19 cm =650 ##$$a Sayur-bercocok tanam =850 ##$$a NBPNMAT =990 ##$$a 0351/BPAP-NTB/2015 =990 ##$$a 0001/BPAP-NTB/2015 =990 ##$$a 0001/BPAP-NTB/2015